Loading...
| Religion | 0 | 3 | 0 | 0 | 30 | 37 | 51.00 | 2 | 2 | 14.56 | 22.08 |
| Science - Physics | 0 | 4 | 2 | 0 | 30 | 21 | 42.75 | 1 | 2 | 21.42 | 24.19 |
| Science - Other | 0 | 3 | 1 | 0 | 25 | 20 | 37.00 | 1 | 3 | 18.09 | 20.94 |
| Science - Chemistry | 0 | 2 | 0 | 0 | 20 | 78 | 79.00 | 0 | 0 | 4.06 | 6.49 |
| Science - Biology | 0 | 3 | 2 | 0 | 20 | 39 | 50.33 | 2 | 3 | 14.09 | 24.68 |
| History - American | 0 | 2 | 0 | 1 | 20 | 87 | 92.00 | 0 | 0 | 1.26 | 3.41 |
| Philosophy | 0 | 2 | 0 | 0 | 20 | 70 | 85.00 | 0 | 1 | 6.46 | 13.52 |
| Fine Arts - Classical Music | 0 | 1 | 0 | 0 | 10 | 87 | 87.00 | 0 | 0 | 2.27 | 1.14 |
| History - World | 0 | 1 | 0 | 0 | 10 | 30 | 30.00 | 0 | 1 | 6.47 | 6.49 |
| Literature - World | 0 | 1 | 0 | 0 | 10 | 76 | 76.00 | 0 | 0 | 2.92 | 4.55 |
| Geography | 0 | 1 | 1 | 0 | 5 | 60 | 60.00 | 0 | 1 | 7.14 | 14.29 |
| Social Science | 0 | 1 | 2 | 0 | 0 | 59 | 59.00 | 1 | 1 | 4.87 | 11.11 |
| History - Other | 0 | 0 | 1 | 0 | -5 | 0.00 | 0 | 0 | 0.00 | 0.00 |